Guess the country - Statistics

General Stats
  • This quiz has been taken 29 times
    11 since last reset
  • The average score is 9 of 16
Answer Stats
Hint Answer % Correct
The country where the last mammoths lived before their extinction. Russia
100%
Use to previously be named Siam but change its name in 1949. Thailand
80%
As the longest border with Russia. Kazakhstan
70%
Writes "Italia" like this: Włochy. Poland
70%
Owns the Canary Islands. Spain
70%
The capital of the country is Addis Ababa. Ethiopia
60%
Used to be ruled by Muammar Gaddafi. Libya
60%
Where the city of Tenochtitlan is located. Mexico
60%
Country with the most OFFICIAL languages in Europe. Switzerland
60%
Participated in the " Whiskey war" against Canada. Denmark
50%
The most recent country to have invaded the United Kingdom. Argentina
40%
The first king to have rule this country is François Grimaldi. Monaco
40%
Second least densely populated country. Namibia
40%
The country with the highest percentage of Chinese population outside of China. Singapore
40%
Closest country to Cyprus. United Kingdom
30%
The most recent monarchy ( the youngest ). Bhutan
20%
No matching quizzes found
Score Distribution
Percent of People with Each Score
Percentile by Number Answered
Your Score History
You have not taken this quiz since the last reset